|
|
|
|
| LEADER |
01998nam a2200505 4500 |
| 001 |
ocn834548117 |
| 003 |
OCoLC |
| 005 |
20180501122008.0 |
| 006 |
m o d |
| 007 |
cr cn||||||||| |
| 008 |
130304s2013 ne af ob 001 0 eng d |
| 040 |
|
|
|a E7B
|b eng
|e pn
|c E7B
|d OCLCQ
|d OCLCO
|d OPELS
|d N$T
|d YDXCP
|d OCLCF
|d CDX
|d GGVRL
|d OCLCQ
|d DEBBG
|d TFH
|d GrThAP
|
| 019 |
|
|
|a 857437469
|a 879495537
|
| 020 |
|
|
|a 9780124081161
|q (electronic bk.)
|
| 020 |
|
|
|a 0124081169
|q (electronic bk.)
|
| 020 |
|
|
|a 9780124080638
|q (electronic bk.)
|
| 020 |
|
|
|a 0124080634
|q (electronic bk.)
|
| 020 |
|
|
|a 9781299196612
|q (MyiLibrary)
|
| 020 |
|
|
|a 1299196616
|q (MyiLibrary)
|
| 035 |
|
|
|a (OCoLC)834548117
|z (OCoLC)857437469
|z (OCoLC)879495537
|
| 050 |
|
4 |
|a QR360
|b .A38 2013eb
|
| 072 |
|
7 |
|a SCI
|x 008000
|2 bisacsh
|
| 072 |
|
7 |
|a SCI
|x 045000
|2 bisacsh
|
| 082 |
0 |
4 |
|a 579.2
|2 23
|
| 049 |
|
|
|a TEFA
|
| 245 |
0 |
0 |
|a Advances in virus research.
|n Volume eighty-five /
|c edited by Karl Maramorosch, Frederick A. Murphy.
|
| 246 |
3 |
0 |
|a Advances in virus research.
|n Volume 85
|
| 260 |
|
|
|a Amsterdam :
|b Academic Press,
|c 2013.
|
| 300 |
|
|
|a 1 online resource (xi, 116 pages, [8] pages of plates :) :
|b illustrations.
|
| 336 |
|
|
|a text
|b txt
|2 rdacontent
|
| 337 |
|
|
|a computer
|b c
|2 rdamedia
|
| 338 |
|
|
|a online resource
|b cr
|2 rdacarrier
|
| 490 |
1 |
|
|a Advances in virus research,
|x 0065-3527 ;
|v v. 85
|
| 504 |
|
|
|a Includes bibliographical references and index.
|
| 650 |
|
0 |
|a Virology
|x Research.
|
| 650 |
|
7 |
|a SCIENCE
|x Life Sciences
|x Biology.
|2 bisacsh
|
| 650 |
|
7 |
|a SCIENCE
|x Life Sciences
|x Microbiology.
|2 bisacsh
|
| 650 |
|
7 |
|a Virology
|x Research.
|2 fast
|0 (OCoLC)fst01167675
|
| 655 |
|
4 |
|a Electronic books.
|
| 655 |
|
7 |
|a Electronic books.
|2 lcgft
|
| 700 |
1 |
|
|a Maramorosch, Karl.
|
| 700 |
1 |
|
|a Murphy, Frederick A.
|
| 776 |
0 |
8 |
|i Print version:
|z 9781299196612
|
| 830 |
|
0 |
|a Advances in virus research ;
|v v. 85.
|x 0065-3527
|
| 856 |
4 |
0 |
|u https://www.sciencedirect.com/science/bookseries/00653527/85
|z Full Text via HEAL-Link
|